Online Catalogue and eLibrary

Nationalism and colonialism in modern India / (Record no. 426)

MARC details
000 -LEADER
fixed length control field 00504cam a2200193 a 4500
001 - CONTROL NUMBER
control field 3348768
005 - DATE AND TIME OF LATEST TRANSACTION
control field 20240219233048.0
008 - FIXED-LENGTH DATA ELEMENTS--GENERAL INFORMATION
fixed length control field 860625t19841979ii b 001 0 eng
020 ## - INTERNATIONAL STANDARD BOOK NUMBER
ISBN 0861312821
040 ## - CATALOGING SOURCE (பட்டியலாக்க மூலம்)
Original cataloging agency DLC
Transcribing agency DLC
Modifying agency DLC
082 00 - DDC Classification
Class No. 320,954.
DDC Edition Number 19
Item Number - Author Mark NAT.
100 1# - MAIN ENTRY--PERSONAL NAME
Personal name Chandra, Bipan.
245 10 - TITLE STATEMENT
Title Nationalism and colonialism in modern India /
Statement of responsibility, etc. Bipan Chandra.
250 ## - EDITION STATEMENT
Edition statement 1st.
260 ## - PUBLICATION, DISTRIBUTION, ETC.
Place of publication, distribution, etc. New Delhi :
Name of publisher, distributor, etc. Orient Longman,
Date of publication, distribution, etc. 1979.
300 ## - PHYSICAL DESCRIPTION
Extent (e.g. Volumes, Pages etc.) ix, 395 p. ;
650 #0 - SUBJECT ADDED ENTRY--TOPICAL TERM
Topical term or geographic name entry element Nationalism
942 ## - Koha item type (Biblio)
Koha item type Books in Stacks (Lending)
Holdings
Lost status Damaged status Collection code Home library Current library Date acquired Full call number Accession Number Item type
    Lending WERC Library WERC Library 02/20/2024 320,954. NAT. 556 Books in Stacks (Lending)

© WERC Library